[Event "Hamburg-ch Seniors op 15th"]
[Site "Hamburg"]
[Date "2008.10.29"]
[Round "3"]
[White "Klinkow, Alexander"]
[Black "Meyer, Hans Georg"]
[Result "1-0"]
[WhiteElo "1637"]
[BlackElo "1365"]
[PlyCount "95"]
[EventDate "2008.10.27"]
[EventType "swiss"]
[EventRounds "9"]
[EventCountry "GER"]
[SourceTitle "EXT 2022"]
[Source "ChessBase"]
[SourceDate "2021.10.06"]
[SourceVersion "1"]
[SourceVersionDate "2021.10.06"]
[SourceQuality "1"]

1. d4 d5 2. c4 e6 3. Nc3 Nf6 4. Nf3 c6 5. e3 Be7 6. Bd3 Nbd7 7. cxd5 cxd5 8. 0-0 a6 9. b3 0-0 10. Qc2 g6 11. a4 Re8 12. Rb1 Nb8 13. b4 Nc6 14. b5 Nb4 15. Qe2 Nxd3 16. Qxd3 b6 17. Ne5 Bb7 18. f3 Bd6 19. f4 a5 20. Bd2 Rc8 21. Rbc1 Nd7 22. Be1 Nxe5 23. fxe5 Be7 24. Bg3 Rc7 25. Ne2 Bf8 26. Kh1 Qb8 27. Rxc7 Qxc7 28. Rc1 Qb8 29. Bh4 Bg7 30. Kg1 Rc8 31. Rxc8+ Qxc8 32. Qc3 Qxc3 33. Nxc3 h6 34. Bd8 h5 35. Bxb6 f6 36. exf6 Bxf6 37. Bxa5 Kf7 38. Bb6 Ke8 39. a5 Kd7 40. Na4 e5 41. Nc5+ Kc8 42. Nxb7 Kxb7 43. Kf1 exd4 44. Bxd4 Bd8 45. a6+ Ka8 46. Ke2 Bc7 47. h3 Bb8 48. Kd3 1-0

[Event "Hamburg-ch Seniors op 13th"]
[Site "Hamburg"]
[Date "2006.11.02"]
[Round "7"]
[White "Meyer, Hans Georg"]
[Black "Hofschroer, Joachim"]
[Result "0-1"]
[WhiteElo "1339"]
[BlackElo "1497"]
[PlyCount "109"]
[EventDate "2006.10.27"]
[EventType "swiss"]
[EventRounds "9"]
[EventCountry "GER"]
[SourceTitle "EXT 2022"]
[Source "ChessBase"]
[SourceDate "2021.10.06"]
[SourceVersion "1"]
[SourceVersionDate "2021.10.06"]
[SourceQuality "1"]

1. d4 Nf6 2. c4 e6 3. Nc3 Bb4 4. Nf3 b6 5. e3 Bb7 6. Be2 Ne4 7. Qb3 Bxc3+ 8. bxc3 f5 9. 0-0 0-0 10. Rd1 Qf6 11. Bb2 Nc6 12. Qc2 Ne7 13. Ne5 Rad8 14. f3 Ng5 15. Rf1 d6 16. Nd3 Qg6 17. Nf4 Qh6 18. Rad1 Nf7 19. d5 Ng5 20. Bc1 e5 21. Nd3 a5 22. a4 Rf6 23. Qb2 Qg6 24. Nf2 Qe8 25. Qc2 Rg6 26. f4 Nf7 27. e4 Bc8 28. Bd3 Nh6 29. Be2 Ng4 30. h3 Nxf2 31. Rxf2 fxe4 32. Bh5 Bxh3 33. Bxg6 Qxg6 34. fxe5 dxe5 35. Re1 Bf5 36. Qd2 Nc8 37. Qg5 Qxg5 38. Bxg5 Rf8 39. Be3 Nd6 40. c5 Nc4 41. Rb2 bxc5 42. Bd2 Nd6 43. Bg5 Re8 44. Rf2 Bd7 45. Ref1 h6 46. Be3 Bxa4 47. Ra1 Bb3 48. Bxc5 Bxd5 49. Bxd6 cxd6 50. Rxa5 Bc4 51. Rd2 d5 52. Ra7 Rf8 53. Rf2 Rxf2 54. Kxf2 Kf8 55. Ke3 0-1

[Event "Hamburg-ch Seniors op 13th"]
[Site "Hamburg"]
[Date "2006.11.01"]
[Round "6"]
[White "Mania, Irmgard"]
[Black "Meyer, Hans Georg"]
[Result "0-1"]
[WhiteElo "870"]
[BlackElo "1339"]
[PlyCount "74"]
[EventDate "2006.10.27"]
[EventType "swiss"]
[EventRounds "9"]
[EventCountry "GER"]
[SourceTitle "EXT 2022"]
[Source "ChessBase"]
[SourceDate "2021.10.06"]
[SourceVersion "1"]
[SourceVersionDate "2021.10.06"]
[SourceQuality "1"]

1. e4 e6 2. Nf3 b6 3. Bc4 Bb7 4. Nc3 c6 5. d3 d5 6. exd5 cxd5 7. Bb3 a6 8. Bf4 Nc6 9. d4 Nf6 10. a3 Be7 11. 0-0 0-0 12. Ne2 Rc8 13. c3 b5 14. Qd3 Na5 15. Ba2 Nc4 16. Bxc4 bxc4 17. Qc2 Bd6 18. Bxd6 Qxd6 19. Ne5 Nd7 20. Nxd7 Qxd7 21. Rfe1 Rb8 22. Rab1 Rfe8 23. Nf4 g6 24. Re3 Re7 25. Rg3 Kf8 26. Rh3 Kg7 27. Qe2 f6 28. Rg3 Kh8 29. Rh3 e5 30. Nxg6+ Kg8 31. Nxe7+ Qxe7 32. Qg4+ Kf8 33. Re3 Qf7 34. Qh4 Bc8 35. Rf3 Rb6 36. dxe5 Ke7 37. g3 Bb7 0-1

[Event "Hamburg Robinow op"]
[Site "Hamburg"]
[Date "2005.10.03"]
[Round "3"]
[White "Raedisch, Peter"]
[Black "Meyer, Hans Georg"]
[Result "1-0"]
[WhiteElo "1937"]
[BlackElo "1376"]
[PlyCount "65"]
[EventDate "2005.10.01"]
[EventType "swiss"]
[EventRounds "9"]
[EventCountry "GER"]
[SourceTitle "CBM 108 Extra"]
[Source "ChessBase"]
[SourceDate "2005.11.04"]
[SourceVersion "1"]
[SourceVersionDate "2005.11.04"]
[SourceQuality "1"]

1. e4 e6 2. d4 d5 3. e5 c5 4. dxc5 Bxc5 5. Qg4 g6 6. Bd3 Qb6 7. Qg3 Nc6 8. Nf3 Bd7 9. c3 Qc7 10. b4 Bb6 11. 0-0 Nge7 12. a4 a6 13. Na3 0-0-0 14. b5 Na5 15. bxa6 Qxc3 16. Rb1 Qxd3 17. Rxb6 Bc6 18. a7 Kc7 19. Rb4 Nf5 20. Qg5 Ra8 21. Qf6 Rhf8 22. Nb5+ Bxb5 23. axb5 b6 24. Ng5 Qc3 25. Rb1 Rxa7 26. Nxe6+ fxe6 27. Qxf8 Qxe5 28. g4 Qe4 29. h3 Nd6 30. Qe7+ Kb8 31. Qxd6+ Kb7 32. Bf4 e5 33. Bxe5 1-0